Normal view
MARC view
- Katti, R. K
Entry Personal Name
001 - CONTROL NUMBER
- control field: 133581
003 - CONTROL NUMBER IDENTIFIER
- control field: NUST
005 - DATE AND TIME OF LATEST TRANSACTION
- control field: 20260305122001.0
008 - FIXED-LENGTH DATA ELEMENTS
- fixed length control field: 260305|| aca||aabn | a|a d
040 ## - CATALOGING SOURCE
- Original cataloging agency: NUST
- Transcribing agency: NUST
100 ## - HEADING--PERSONAL NAME
- Personal name: Katti, R. K
670 ## - SOURCE DATA FOUND
- Source citation: Work cat.: (NUST): Katti, R. K., Influence of Gravity on Granular Soil Mechanics /, 2000.
